Broučci 2, Dobrodružství na pasece /

Hlavní autor: Jurásková, Anna, 1924-2017
Další autoři: Donutil, Miroslav, 1951-
Jazyk: Čeština
Vydáno: Praha : Supraphon, p1999
Témata:
Fyzický popis: 1 MC + 1 složený list.
Zvukové nahrávky
Uloženo v:
LEADER 01311njm a2200361 a 4500
001 000442618
003 CZ BrMZK
005 20070625122815.0
008 990305s1999 xr f cze d
028 0 3 |a SU 5215-4 831  |b Supraphon 
040 |a BOA001  |b cze 
072 7 |a 821-93  |x Literatura pro děti a mládež (beletrie)  |2 Konspekt  |9 26 
072 7 |a 821.162.3-3  |x Česká próza  |2 Konspekt  |9 25 
080 |a 821.162.3-34  |2 MRF 
080 |a (0:82-34)  |2 MRF 
080 |a (086.7.053.2)  |2 MRF 
080 |a (086.7)  |2 MRF 
100 1 |a Jurásková, Anna,  |d 1924-2017  |7 jk01052214  |4 aut 
245 1 0 |a Broučci  |h [zvukový záznam].  |n 2,  |p Dobrodružství na pasece /  |c Anna Jurásková. 
246 3 0 |a Dobrodružství na pasece 
260 |a Praha :  |b Supraphon,  |c p1999 
300 |a 1 MC +  |e 1 složený list. 
306 |a 011210 
500 |a Nahr. 1999 
500 |a Durata 72:10 
511 0 |a Miroslav Donutil, vypravěč. 
655 7 |a české pohádky  |7 fd133970  |2 czenas 
655 7 |a zvukové záznamy pro děti a mládež  |7 fd186726  |2 czenas 
655 7 |a zvukové kazety  |7 fd186720  |2 czenas 
700 1 |a Donutil, Miroslav,  |d 1951-  |7 jn19990009817  |4 prf 
910 |a BOA001  |b KZ-0007.686,2 
990 |a AV 
996 6 |b 261H008248  |c KZ-0007.686,2  |l MZK  |r Sklad / do 24 hodin  |n 0  |p p.v.  |w 000442618  |u 000010  |a 1  |e BOA001  |j MZK50  |s P